000
00342nam a2200145Ia 4500
008
090124s9999 xx 000 0 und d
082
_b
302456
245
_a
ट्रॅप
250
_a
1
260
_b
रानडे जयंत
_c
1991
300
_a
193
630
_a
ट्रॅप
730
_a
ट्रॅप
942
_c
BOOK
999
_c
192093
_d
192093